Science Quiz

Random Science or Animal Quiz

Urban Wildlife Quiz Stats

 Plays Quiz Updated Oct 8, 2018

Support Sporcle.
Go Orange.
Score 0/20 Timer 06:00
0 Plays Today
% Correct
Nine-Banded Armadillo
97.3%
Polar Bear
97.3%
American Alligator
96.8%
Red Fox
96%
African Penguin
95.3%
Common Seal
93.4%
Eastern Grey Squirrel
93.3%
Raccoon
92.1%
King Cobra
91.9%
Moose
91.7%
% Correct
Pigeon
91.3%
Striped Skunk
91.1%
Rhesus macaque
91%
Pacific Gull
89.9%
Leopard
89%
Wild Boar
87.8%
Red-Tailed Hawk
85.4%
Coyote
85.3%
Virginia Opossum
81.6%
Marmoset
19.9%

You're not logged in!

Compare scores with friends on all Sporcle quizzes.
OR
Log In

From the Vault

NBA 3-Point Leaders (2010s)

by Joshie_the_great

The league really needs to up the challenge by adding some of those NBA Jam hot spots on the court.
Remove Ads.
Support Sporcle.
Get the best of Sporcle when you Go Orange. This ad-free experience offers more features, more stats, and more fun while also helping to support Sporcle. Thank you for becoming a member.

Show Comments

Extras

Top Quizzes Today


Score Distribution

Your Account Isn't Verified!

In order to create a playlist on Sporcle, you need to verify the email address you used during registration. Go to your Sporcle Settings to finish the process.

Report this User

Report this user for behavior that violates our Community Guidelines.

Details: